[Event "IECG TE.2000.S.00401 email"]
[Site "IECG email"]
[Date "2001.10.13"]
[Round "?"]
[White "Horak, Jiri"]
[Black "Ralston, Donald"]
[Result "1-0"]
[WhiteElo "2226"]
[BlackElo "1075"]
[PlyCount "87"]
[EventDate "2001.10.13"]
[EventType "tourn (corr)"]
[EventRounds "10"]
[SourceTitle "Corr 2008"]
[Source "ChessBase"]
[SourceDate "2008.06.24"]
[SourceVersion "1"]
[SourceVersionDate "2008.06.24"]
[SourceQuality "1"]

1. e4 e5 2. Nf3 Nc6 3. Bc4 Nf6 4. Ng5 Bc5 5. Bxf7+ Kf8 6. Bb3 Qe7 7. Nc3 Nd4 8. d3 Nxb3 9. axb3 d6 10. Na4 h6 11. Nf3 Nd7 12. 0-0 a6 13. Nxc5 Nxc5 14. b4 Ne6 15. d4 Nxd4 16. Nxd4 exd4 17. Qxd4 Bd7 18. Bd2 Re8 19. f3 Qe5 20. Qd3 Bc6 21. Ra5 Qe6 22. c4 Kf7 23. b5 axb5 24. cxb5 Bd7 25. Rc1 d5 26. Qxd5 Qxd5 27. exd5 Re5 28. Rxc7 Rxd5 29. Bc3 b6 30. Raa7 Rd8 31. Rab7 Rd6 32. Rc6 Rd1+ 33. Kf2 Re8 34. Rcc7 Rd8 35. Rxb6 Rd5 36. Ra7 h5 37. h4 Re8 38. Rc6 Rd8 39. b6 Rb8 40. b3 Rd3 41. Be5 Re8 42. b7 Rxb3 43. b8Q Rexb8 44. Rxd7+ 1-0

[Event "IECG TE.2000.P.00401 email"]
[Site "IECG email"]
[Date "2000.07.15"]
[Round "?"]
[White "Maloberti, David"]
[Black "Ralston, Donald"]
[Result "1-0"]
[WhiteElo "2101"]
[BlackElo "800"]
[PlyCount "73"]
[EventDate "2000.07.15"]
[EventType "tourn (corr)"]
[EventRounds "12"]
[SourceTitle "Corr 2008"]
[Source "ChessBase"]
[SourceDate "2008.06.24"]
[SourceVersion "1"]
[SourceVersionDate "2008.06.24"]
[SourceQuality "1"]

1. e4 e5 2. Nf3 Nc6 3. Bc4 Nf6 4. Ng5 Bc5 5. Bxf7+ Kf8 6. Bb3 d5 7. exd5 Nd4 8. 0-0 Bg4 9. Qe1 h6 10. Ne6+ Nxe6 11. dxe6 Qd6 12. Nc3 c6 13. d3 Bxe6 14. Bxe6 Qxe6 15. Ne4 Bd4 16. Be3 Nxe4 17. Bxd4 exd4 18. dxe4 c5 19. f4 Re8 20. e5 Qf5 21. Qe2 b6 22. Rae1 g6 23. g4 Qe6 24. f5 gxf5 25. Qe4 Rh7 26. gxf5 Rg7+ 27. Kh1 Qxa2 28. e6 Rg5 29. h4 Rg3 30. Kh2 Ra3 31. bxa3 c4 32. e7+ Kg7 33. Rg1+ Kh7 34. Qg4 Qxc2+ 35. Kh1 Qe4+ 36. Rxe4 c3 37. Qg7# 1-0

[Event "IECG TE.2000.P.00401 email"]
[Site "IECG email"]
[Date "2000.07.15"]
[Round "?"]
[White "Ralston, Donald"]
[Black "Maloberti, David"]
[Result "0-1"]
[WhiteElo "800"]
[BlackElo "2101"]
[PlyCount "66"]
[EventDate "2000.07.15"]
[EventType "tourn (corr)"]
[EventRounds "12"]
[SourceTitle "Corr 2008"]
[Source "ChessBase"]
[SourceDate "2008.06.24"]
[SourceVersion "1"]
[SourceVersionDate "2008.06.24"]
[SourceQuality "1"]

1. e4 e5 2. Nf3 Nc6 3. Bc4 Nf6 4. Ng5 Bc5 5. Nxf7 Bxf2+ 6. Kxf2 Nxe4+ 7. Kg1 Qh4 8. g3 Nxg3 9. Nxh8 Nd4 10. Bf7+ Ke7 11. hxg3 Qxg3+ 12. Kf1 d6 13. Qh5 Qf4+ 14. Kg2 Bg4 15. Qh4+ g5 16. Qf2 Bf3+ 17. Kf1 Bxh1 18. a3 Qg4 19. Nc3 Rxh8 20. Bd5 Qh3+ 21. Kg1 Rf8 22. Qxf8+ Kxf8 23. Bxh1 g4 24. Bg2 Qg3 25. Kf1 Nf3 26. Ke2 Qxg2+ 27. Kd3 Qf1+ 28. Ne2 Nd4 29. b3 Qxe2+ 30. Kc3 Qe4 31. d3 Qc6+ 32. Kd2 Qxc2+ 33. Ke3 Qe2# 0-1